000 01731nam a22004457a 4500
001 000096074
003 CHAP
005 20220329143141.0
008 060817d2006 mx r 00110 spa d
010 _a92540
011 _a93512
035 _a104088
040 _cCHAP
090 _aTesis
100 1 _aPonce López, Jesús Ricardo.
_990796
245 1 0 _aEstudio de factibilidad técnico-económica para el establecimiento de una planta de alimentos balanceados en "Pozo de Higueras", municipio de Tecuala, Nayarit /
_c/por Jesús Ricardo Ponce López.
260 _aChapingo, Méx. :
_bEl autor,
_c2006.
300 _a101 h. ; :
_bgráfs.
502 _aTesis (Ing. Agroindustrial) -- UACH. Departamento de Ingeniería Agroindustrial
590 _aALEPH
_b10
_c20130110
_lUCH01
_h1513
590 _aBATCH-UPD
_b10
_c20130110
_lUCH01
_h0738
590 _aBATCH-UPD
_b10
_c20130410
_lUCH01
_h0421
590 _aBATCH-UPD
_b10
_c20130914
_lUCH01
_h0211
590 _aBATCH-UPD
_b10
_c20140324
_lUCH01
_h1458
590 _aBATCH-UPD
_b10
_c20141002
_lUCH01
_h0831
590 _aCONVERSION
_b10
_c20130109
_lUCH01
_h1351
590 _aE12093SGE
_b10
_c20130701
_lUCH01
_h0955
590 _aE5765TAJ
_b10
_c20130531
_lUCH01
_h1117
650 1 4 _aAlimentos balanceados.
_94301
650 1 4 _aAlimentos
_xIndustria.
_94227
650 1 4 _aAlimentos
_xRendimiento.
_94277
650 1 4 _aEstudios de factibilidad.
_938520
856 _3Finding aid
_uhttp://10.13.5.2/tesis/104088.pdf
_zTeclea aquí
901 _aBK
905 _aAlejandra Carrasco M.
942 _cCD
942 _n0
949 _aTesis
_bBC
_cTES
_d00000001040881
_eTS1
_gDonaciØn
_h45387
_i104088
_sb
949 _aTesis
_bBC
_cTES
_d33724000992632
_eTS2
_fc.2
_gDonaciØn
_h45388
_i104088
_sb
999 _c92540
_d92540